Statistiques concernant Filmographie de Federico Fellini

Cliquez ici pour prendre le quiz!

Statistiques générales

  • Ce quiz a été pris 31 fois
  • Le résultat moyen est 13 sur 21

Statistiques - réponses

HintRéponse% Correct
1960La Dolce Vita
96%
1963Huit et demi (Otto e mezzo)
91%
1973Amarcord
78%
1954La Strada
78%
1953Les Vitelloni ou Les Inutiles (I vitelloni)
74%
1972Fellini Roma (Roma)
70%
1957Les Nuits de Cabiria (Le notti di Cabiria)
70%
1976Le Casanova de Fellini (Il Casanova di Federico Fellini)
65%
1983Et vogue le navire… (E la nave va…)
61%
1986Ginger et Fred (Ginger e Fred)
61%
1956Il Bidone
61%
1980La Cité des femmes (La città delle donne)
61%
1952Le Cheik blanc ou Courrier du cœur (Lo sceicco bianco)
61%
1969Satyricon (Fellini Satyricon)
57%
1987Intervista
52%
1965Juliette des esprits (Giulietta degli spiriti)
52%
1990La voce della luna
52%
1970Les Clowns (I clowns)
48%
1950Les Feux du music-hall (Luci del varietà)
43%
1979Répétition d'orchestre (Prova d'orchestra)
43%
1969Bloc-notes d'un cinéaste (Block-notes di un regista)
9%

Distribution des résultats

Percentile par nombre de réponses

% des personnes avec chaque résultat

Votre développement - résultats

Vous n’avez pas pris ce quiz